ბათუმის შოთა რუსთაველის სახელმწიფო უნივერსიტეტის ბიბლიოთეკა

Финансовое право. (ბიბ.ჩანაწერი № 36008)

000 -LEADER
fixed length control field 00754nam a2200217Ia 4500
001 - CONTROL NUMBER
control field 1907
003 - CONTROL NUMBER IDENTIFIER
control field GE_BSU
005 - DATE AND TIME OF LATEST TRANSACTION
control field 20221010153118.0
008 - FIXED-LENGTH DATA ELEMENTS--GENERAL INFORMATION
fixed length control field 181216s2007ru xx |||||||||||||| ||rus||
040 ## - CATALOGING SOURCE
Transcribing agency GE_BSU
041 ## - LANGUAGE CODE
Language code of text/sound track or separate title rus
080 ## - UNIVERSAL DECIMAL CLASSIFICATION NUMBER
Universal Decimal Classification number 347.79(470)(075.8) П-12
100 ## - MAIN ENTRY--PERSONAL NAME
Personal name Павлов,П.В.
9 (RLIN) 15199
245 ## - TITLE STATEMENT
Title Финансовое право.
Remainder of title Учебное пособие. для студ. вузов /
Statement of responsibility, etc. П.В. Павлов.
264 ## - PRODUCTION, PUBLICATION, DISTRIBUTION, MANUFACTURE, AND COPYRIGHT NOTICE
Place of production, publication, distribution, manufacture Москва :
Name of producer, publisher, distributor, manufacturer Омега-Л ( Биб-ка Высшей школы),
Date of production, publication, distribution, manufacture, or copyright notice 2007.
300 ## - PHYSICAL DESCRIPTION
Extent 336 с.:
Other physical details 19 см.
653 ## - INDEX TERM--UNCONTROLLED
keyword Финансовое право.
653 ## - INDEX TERM--UNCONTROLLED
keyword ფინანსური სამართალი
653 ## - INDEX TERM--UNCONTROLLED
keyword სამართალი
942 ## - ADDED ENTRY ELEMENTS (KOHA)
Koha item type წიგნი
Source of classification or shelving scheme
ეგზემპლარები
Withdrawn status Lost status Source of classification or shelving scheme Damaged status Not for loan Permanent Location Current Location Shelving location Date acquired Cost, normal purchase price Full call number Barcode Date last seen Copy number Price effective from Koha item type Public note
          ბათუმის შოთა რუსთაველის სახელმწიფო უნივერსიტეტის მთავარი ბიბლიოთეკა ბათუმის შოთა რუსთაველის სახელმწიფო უნივერსიტეტის მთავარი ბიბლიოთეკა წიგნსაცავი 2018-12-17 10.00 347.79(470)(075.8) П-12 3923 2018-12-17 3923 2018-12-17 წიგნი 10.00